Music Quiz

Random Music or Kpop Quiz

Whose K-pop Song Is This? Quiz Stats

 Plays Quiz Updated Apr 23, 2019

Score 0/30 Timer 05:00
44 Plays Today
Question Answer Wrong Answers
The Truth Untold BTS
84.6%
SEVENTEEN
10.8%
Lightsaber EXO
75.7%
NCT 127
19.5%
Chase Me Dreamcatcher
74.5%
Cosmic Girls (WJSN)
20.4%
You Were Beautiful Day6
73.8%
N.Flying
21%
Darling Girl's Day
73.7%
MAMAMOO
21.3%
Fool Winner
72.1%
iKon
22.9%
Glass Shoes Fromis_9
71.4%
Momoland
23.4%
Juliette SHINee
67.5%
VIXX
27.4%
Tinker Bell April
67.4%
GFriend
27.4%
Again & Again 2PM
66.1%
Infinite
28.7%
Cupid Kara
66.1%
Wonder Girls
28.8%
Blue Big Bang
65.6%
TVXQ
29.3%
Body Mino
65.3%
Zico
29.4%
Miss Right Teen Top
64.4%
Beast (Highlight)
30.4%
Kill Bill Brown Eyed Girls
63.5%
SPICA
31%
I Got Love Taeyeon
62.4%
Soyou
32.2%
Back Seat JYJ
59.5%
B1A4
34.9%
Kiss Kiss Ladies Code
59.4%
Orange Caramel
35.4%
One Of These Nights Red Velvet
58.6%
EXID
36.6%
No Make Up Zion.T
58.5%
DEAN
36.2%
Love Ya SS501
57.8%
MBLAQ
36.5%
This Is War MBLAQ
57.3%
U-Kiss
37.2%
Hi~ Lovelyz
56%
Oh My Girl
38.4%
Will You Go Out With Me DIA
55.9%
Sonamoo
38.4%
Flower (You) VAV
55.5%
Victon
39.1%
My Star Lee Hi
53.5%
Ailee
41%
Wolf Baby TRCNG
53.2%
The Boyz
41.3%
Blue Moon Hyolyn
51.1%
Sunmi
43.9%
Be The Light Block B
48.7%
B.A.P
45.8%
I'm Fine Vromance
45.2%
The Rose
49.3%

You're not logged in!

Compare scores with friends on all Sporcle quizzes.
OR
Log In

Sporcle TV

Today on Sporcle TV


Watch our educational content, quiz creation guides, and fun videos on Sporcle TV.

Show Comments

Extras

Top Quizzes Today


Score Distribution

Your Account Isn't Verified!

In order to create a playlist on Sporcle, you need to verify the email address you used during registration. Go to your Sporcle Settings to finish the process.

Report this User

Report this user for behavior that violates our Community Guidelines.

Details: